| 000 | 01052nam a22002537a 4500 | ||
|---|---|---|---|
| 005 | 20230912114521.0 | ||
| 010 | _a1516ENO7 ENG-114879 ENG-137872 | ||
| 020 |
_a9789325984462 _c525.00 |
||
| 035 | _aEN-98411 EN-121404 | ||
| 035 | _aB-612572-597 | ||
| 035 | _aB-668001 | ||
| 037 | _bDBAD/PUB | ||
| 082 | _a530.141 | ||
| 100 |
_aSalivahanan,S. _956341 |
||
| 245 |
_aElectromagnetic field theory/ _cBy S. Salivahanan and S. Karthie |
||
| 260 |
_aNoida _bVikas Publishing House _c2016 |
||
| 270 |
_aE-28,Sector-8, _bNoida _e201301 _l- _m- |
||
| 300 |
_axi,721p. _bill. _c24cm(pbk) |
||
| 500 | _aIncludes index | ||
| 700 |
_aKarthie, S. _956342 |
||
| 942 |
_2ddc _cEN _h530.141 _mSAL |
||
| 999 |
_c96276 _d96276 |
||